000 01265nam a2200313 a 4500
001 BRCA_6999
005 20190320205655.0
008 070212s1940----mx-a######---#000-0#spa-#
041 _aspager
044 _amx
050 4 _aF1391
_b.W38 1940
100 1 _aWuthenau, Alexander von
_917413
245 1 0 _aTepotzotlán
_cAlexander von Wuthenau ; fotografías a color de Berthold von Stetten ; ilustraciones y grabados en blanco y negro por Rachelle von Wuthenau.
260 _aMéxico
_bStetten Fotocolor
_c1940
300 _aiv, 13 p.
_bil. (algunas a color) 7 láminas
_c36 cm.
440 0 _aArte y color en México
_v1
_917414
500 _aEsta edición se encuentra en el Área de Investigación
500 _aLa biblioteca cuenta con un 2º ejemplar perteneciente al Fondo General Franz Mayer (Y112)
500 _aDonación de Joaquín von Mentz
546 _aTexto en español y alemán
650 1 4 _aArte
_zTepotzotlán, México (Estado)
_917415
650 1 4 _aArte colonial
_97904
650 1 4 _aConventos y monasterios
_zMéxico
_99892
651 4 _aTepotzotlán, México (Estado)
_xDescripción
_917416
700 1 _aStetten, Berthold von
_917417
700 1 _aWuthenau, Rachelle von
_917418
740 0 _aKunst und Farbe in Mexiko
942 _2lcc
_cB
999 _c6680
_d6680